005370000a22001690004500003001100000008004100011040003900052041000800091082001300099245009000112260002400202300000900226650002200235942000700257952008800264999001500352LK-CoMWRAF230817t           ||||| |||| 00| 0 eng d  aLK-CoMWRAFdLK-CoMWRAFeLK-CoMWRAF  aeng  a330bLEG  aLegislative guide: Domestic Violence against womenbReport on 17 soroptimist counties  aUSAb        c1998  ap.62  adomestic violence  cBK  00104070aMAINbMAINd2023-08-17l0o330 LEGpRAF3849r2023-08-17w2023-08-17yBK  c3012d3012